Possibilities for Nickel Based Superalloys Property Improvement

Salvato in:
Dettagli Bibliografici
Autore principale: Martinkovič, Maroš, 1957- (Autore)
Natura: Libro
Lingua:inglese
Pubblicazione: Köthen : Hochschule Anhalt, 2010
Edizione:1st ed.
Serie:Scientific monographs
Soggetti:
Accesso online:OBSAH
Tags: Aggiungi Tag
Nessun Tag, puoi essere il primo ad aggiungerne!!

MARC

LEADER 00000nam a22000003a 4500
001 stu207742
005 20220317185715.2
008 100719s2010----gw------------------eng-d
020 |a 978-3-86011-033-1 
040 |a STU  |b slo 
041 0 |a eng 
044 |a gw 
080 |a 620 
100 1 |a Martinkovič, Maroš,  |d 1957-  |4 aut  |u M3000  |9 100  |U MTF Materiálovotechnologická fakulta  |T MTF Ústav výrobných technológií  |X 206  |U M3000  |Y 83  |7 A000000206 
245 1 |a Possibilities for Nickel Based Superalloys Property Improvement 
250 |a 1st ed. 
260 |a Köthen :  |b Hochschule Anhalt,  |c 2010 
300 |a 103 s 
650 7 |a directional solidification  |2 estusub 
650 7 |a superalloy  |2 estusub 
830 0 |a Scientific monographs 
856 4 |a https://sweb.mtf.stuba.sk/obsahy/possibilities_for_nickel_based_superalloys_property_10  |u https://sweb.mtf.stuba.sk/obsahy/possibilities_for_nickel_based_superalloys_property_10  |3 OBSAH 
996 |b 284M078674  |c M*12814-1  |l MMST  |s A  |a 24  |w stu207742_0002